000 01104cam a2200313 4500
001 WS121379
008 030218n 000 0 eng u
035 _a(Sirsi) u121379
110 _aInvestors in People
_94407
245 _aYour People Manager
520 _aWeb site for this service from Investors in People, aimed at helping the managers of small businesses deal with the everyday questions, issues and problems of managing staff. Includes 'How to' guides and an 'ask an expert' service.
650 _aRECRUITMENT
650 _aSALARIES
650 _aNATIONAL MINIMUM WAGE
650 _aSMALL BUSINESSES
650 _aHUMAN RESOURCES
650 _aINDUCTION
650 _aPART-TIME WORKERS
650 _aEMPLOYMENT
650 _aEMPLOYMENT CONTRACTS
650 _aPAYE
650 _aSICKNESS
650 _aDISMISSAL
650 _aDISCIPLINARY PROCEDURE
650 _aCAREERS, EDUCATION AND TRAINING
690 _aMANAGEMENT-BUSINESS MANAGEMENT
856 4 0 _uhttps://www.yourpeoplemanager.com
_zView the website free of charge at www.yourpeoplemanager.com...
942 _n0
999 _c120232
_d120232